| 000 | 02098 a2200241 4500 | ||
|---|---|---|---|
| 001 | 10466 | ||
| 005 | 20260407155438.0 | ||
| 008 | 260407a2010 arg spa d | ||
| 003 | AR-UNSa-BCEJYS | ||
| 040 |
_aAR-UNSa-BCEJYS _bspa _cAR-UNSa-BCEJYS |
||
| 080 |
_a347.72 _xSociedades comerciales |
||
| 245 | 1 | 0 |
_aLey de sociedades comerciales _p19.550 y modificatorias. Comentada, anotada y concordada |
| 020 | _a978-950-508-889-8 | ||
| 250 | _a3a. ed. | ||
| 264 | 1 |
_aBuenos Aires : _bAstrea _c2010 |
|
| 300 |
_a3 v. _c22 cm. |
||
| 505 | _aVol. 1: Capítulo Primero: Disposiciones generales: 1. De la existencia de sociedad comercial - 2. De la forma, prueba y procedimiento - 3. Del régimen de nulidad - 4. De la sociedad no constituida regularmente - 5. De los socios - 6. De los socios en sus relaciones con la sociedad - 7. De los socios y de los terceros - 8. De la administración y representación - 9. De la documentación y de la contabilidad - 10. De la transformación - 11. De la fusión y escisión - 12. De la resolución parcial y de la disolución -- Vol. 2: 13. De la liquidación - 14. De la intervención judicial - 15. De la sociedad constituida en le extranjero - Capítulo Segundo: De las sociedades en particular: 1. De la sociedad colectiva - 2. De la sociedad comandita simple - 3. De la sociedad de capital e industria - 4. De la sociedad de responsabilidad limitada - 5. De la sociedad anónima -- Vol. 3: 6. De la sociedad anónima con participación estatal mayoritaria - 7. De la sociedad en comandita por acciones - 8. De los debentures - 9. De la sociedad accidental o en participación - Capítulo tercero: De los contratos de colaboración empresaria: 1. De las agrupaciones de colaboración - 2. De las uniones transitorias de empresas - Capítulo cuarto: De las disposiciones de aplicación y transitorias | ||
| 041 | _aspa | ||
| 942 | _cBK | ||
| 590 | _aniveau_biblio:m niveau_hierar:0 | ||
| 100 | 1 | _aNissen, Ricardo Augusto | |
| 856 | 4 | 1 |
_uhttps://biblioeco.unsa.edu.ar/pmb/images/libros/Ley de sociedades comerciales-l118748.jpg _yImagen de portada _qimage/jpeg |
| 999 |
_c459 _d459 |
||